Storia della R. casa di Savoja dalla sua origine sino ai giorni nostri : in dimande e risposte : ad uso delle scuole di Sardegna

Saved in:
Bibliographic Details
Main Author: Paroletti, Gustave (Author)
Format: Book
Language:Italian
Published: Cagliari : presso la Societa tipografica, 1843
Textbook Catalogue:EDISCO:  Library Catalog Search Result
Textbook Classification:
Subjects:
Tags: Add Tag
No Tags, Be the first to tag this record!
Added to:2001-03-02
Changed in:2024-04-29

MARC

LEADER 00000nam a22000007i 4500
001 IT\ICCU\CAG\0076852
003 ItRI
005 20240429140321.0
008 010303s1843 it |||||| ||||| |||||c
040 |b ita  |c Polo_Uto 
041 7 |a ita  |2 ISO-639-2 
100 1 |a Paroletti, Gustave  |0 IT\ICCU\IEIV\052922  |4 aut  |e Author  |9 4402 
245 1 0 |a Storia della R. casa di Savoja dalla sua origine sino ai giorni nostri :  |b in dimande e risposte : ad uso delle scuole di Sardegna /  |c per Gustavo Paroletti. 
246 1 3 |a Storia della R. casa di Savoja  |a Storia della Real casa di Savoia 
260 |a Cagliari :  |b presso la Societa tipografica,  |c 1843 
300 |a XII, 172 p., [1] c. di tav. :  |b ritr. ;  |c 15 cm. 
500 |a Tit. dell'occhietto. 
650 |a Storia 
655 |a Manuale 
690 |a Gioventù studiosa  |9 6 
942 |2 ddc  |c BK 
981 1 |6 z01  |a i   |b xxxe  
982 1 |6 z01  |a n 
999 |c 23909  |d 23909 
999 |c edisco:23909  |d 23909